Philadelphia 76ers Leading Rebounder per year - Statistics

General Stats
  • This quiz has been taken 35 times
  • The average score is 40 of 74
Answer Stats
Year Player % Correct
2023 Joel Embiid
100%
2022 Joel Embiid
100%
2021 Joel Embiid
100%
2020 Joel Embiid
100%
2019 Joel Embiid
100%
2018 Joel Embiid
100%
2017 Joel Embiid
100%
2002 Dikembe Mutombo
92%
2001 Dikembe Mutombo
92%
1985 Moses Malone
92%
1984 Moses Malone
92%
1983 Moses Malone
92%
1968 Wilt Chamberlain
92%
1967 Wilt Chamberlain
92%
1966 Wilt Chamberlain
92%
1965 Wilt Chamberlain
92%
1992 Charles Barkley
79%
1991 Charles Barkley
79%
1990 Charles Barkley
79%
1989 Charles Barkley
79%
1988 Charles Barkley
79%
1987 Charles Barkley
79%
1986 Charles Barkley
79%
1961 Dolph Schayes
79%
1960 Dolph Schayes
79%
1958 Dolph Schayes
79%
1957 Dolph Schayes
79%
1956 Dolph Schayes
79%
1955 Dolph Schayes
79%
1954 Dolph Schayes
79%
1953 Dolph Schayes
79%
1952 Dolph Schayes
79%
1952 Dolph Schayes
79%
1951 Dolph Schayes
79%
1971 Billy Cunningham
63%
1970 Billy Cunningham
63%
1969 Billy Cunningham
63%
1982 Caldwell Jones
54%
1981 Caldwell Jones
54%
1980 Caldwell Jones
54%
1979 Caldwell Jones
54%
2011 Elton Brand
42%
2009 Elton Brand
42%
1978 George McGinnis
29%
1977 George McGinnis
29%
1976 George McGinnis
29%
2016 Nerlens Noel
29%
2015 Nerlens Noel
29%
1999 Theo Ratliff
29%
2010 Samuel Dalembert
25%
2008 Samuel Dalembert
25%
2007 Samuel Dalembert
25%
1995 Shawn Bradley
21%
2014 Spencer Hawes
21%
2012 Spencer Hawes
21%
2013 Thaddeus Young
21%
2006 Chris Webber
17%
2005 Chris Webber
17%
1996 Clarence Weatherspoon
17%
1994 Clarence Weatherspoon
17%
1993 Clarence Weatherspoon
17%
1964 Red Kerr
17%
1963 Red Kerr
17%
1962 Red Kerr
17%
1959 Red Kerr
17%
1975 Steve Mix
13%
2000 Tyrone Hill
13%
1998 Derrick Coleman
8%
1997 Derrick Coleman
8%
1973 Bill Bridges
0%
1972 Bill Bridges
0%
2004 Kenny Thomas
0%
2003 Kenny Thomas
0%
1974 Leroy Ellis
0%
No matching quizzes found
Score Distribution
Percent of People with Each Score
Percentile by Number Answered
Your Score History
You have not taken this quiz